[Event "RUS-chT Rapid"]
[Site "Sochi"]
[Date "2024.10.19"]
[Round "8.4"]
[White "Karavaev, Vladimir"]
[Black "Makarian, Rudik"]
[Result "0-1"]
[WhiteElo "2388"]
[BlackElo "2550"]
[PlyCount "174"]
[EventDate "2024.10.18"]
[EventType "team-swiss (rapid)"]
[EventRounds "9"]
[EventCountry "RUS"]
[SourceTitle "CB43_2024"]
[Source "Chessbase"]
[SourceDate "2024.10.23"]
[SourceVersion "1"]
[SourceVersionDate "2024.10.23"]
[SourceQuality "1"]
[WhiteTeam "Saratov Federatsiya"]
[BlackTeam "Moscow Park Tauer"]
[WhiteTeamCountry "RUS"]
[BlackTeamCountry "RUS"]

1. e4 e5 2. Nf3 Nc6 3. Bc4 Bc5 4. c3 Nf6 5. d3 d6 6. Nbd2 Bb6 7. Bb3 0-0 8. Nf1 Be6 9. Ng3 h6 10. 0-0 a5 11. Ba4 Ne7 12. h3 Ng6 13. Re1 d5 14. Qe2 dxe4 15. dxe4 Qc8 16. Kh2 Rd8 17. Be3 Bxe3 18. fxe3 Ra6 19. Rad1 Rad6 20. Rxd6 Rxd6 21. Bb3 Bxb3 22. axb3 Qe6 23. Qb5 b6 24. Re2 Qd7 25. Qxd7 Nxd7 26. b4 axb4 27. cxb4 f6 28. Rc2 c5 29. bxc5 bxc5 30. Nf5 Rb6 31. Rd2 Ngf8 32. Ne7+ Kf7 33. Nd5 Rb7 34. Nc3 Ne6 35. Nh4 g6 36. Rd6 Ndf8 37. Rd2 h5 38. Nf3 Nd7 39. Rf2 Kg7 40. Rd2 Ndf8 41. Nd5 Nh7 42. Nc3 Nhg5 43. h4 Nf7 44. Kg3 Nh6 45. Nh2 Kf7 46. Rf2 Rd7 47. Nd5 Ng8 48. Nf3 Kg7 49. Ne1 Nc7 50. Nxc7 Rxc7 51. Rc2 Rb7 52. Nd3 Nh6 53. Nxc5 Rb5 54. Ne6+ Kf7 55. Nd8+ Ke8 56. Nc6 Rb3 57. Kf3 Ng4 58. Re2 Kd7 59. Na5 Rb5 60. Nc4 Rb4 61. Rd2+ Ke6 62. Rc2 f5 63. exf5+ gxf5 64. e4 Rb8 65. exf5+ Kxf5 66. Ne3+ Nxe3 67. Kxe3 Rb3+ 68. Kf2 Kf4 69. Rc4+ Kf5 70. Rc2 Ke4 71. Re2+ Kf4 72. g3+ Kf5 73. Kg2 e4 74. Rf2+ Ke5 75. Rd2 e3 76. Rd8 Ke4 77. Re8+ Kd3 78. Kf3 Kd2 79. Re5 Rd3 80. g4 hxg4+ 81. Kxg4 e2 82. Kf4 Rh3 83. Rd5+ Ke1 84. h5 Kf2 85. Re5 Rf3+ 86. Kg5 Re3 87. Rf5+ Kg2 0-1

[Event "RUS-ch Rapid"]
[Site "Sochi"]
[Date "2024.10.16"]
[Round "7"]
[White "Karavaev, Vladimir"]
[Black "Khubukshanov, Erdem"]
[Result "1/2-1/2"]
[WhiteElo "2388"]
[BlackElo "2441"]
[PlyCount "96"]
[EventDate "2024.10.15"]
[EventType "swiss (rapid)"]
[EventRounds "11"]
[EventCountry "RUS"]
[SourceTitle "CB43_2024"]
[Source "Chessbase"]
[SourceDate "2024.10.23"]
[SourceVersion "1"]
[SourceVersionDate "2024.10.23"]
[SourceQuality "1"]

1. e4 c5 2. c3 d5 3. exd5 Qxd5 4. Nf3 Bg4 5. Be2 Nc6 6. 0-0 e6 7. h3 Bf5 8. d4 Nf6 9. Na3 Qd8 10. Qb3 Qc8 11. Nc4 Be7 12. dxc5 Bxc5 13. Be3 Be7 14. Nd4 Nxd4 15. Bxd4 0-0 16. Rad1 Be4 17. Bxf6 gxf6 18. Nd6 Bxd6 19. Rxd6 Qc5 20. Rd4 Bc6 21. Rfd1 Kh8 22. Qc4 Qe5 23. Qd3 Rac8 24. Bf3 Bb5 25. Qd2 b6 26. a4 Be8 27. Qh6 Rg8 28. Rh4 Rg7 29. Rdd4 f5 30. Qd2 Qf6 31. Rhf4 e5 32. Rd6 Qg5 33. Rb4 Qe7 34. a5 e4 35. Be2 bxa5 36. Rbd4 Qh4 37. Rd8 Rxd8 38. Rxd8 Qe7 39. Qd4 f6 40. Bc4 h6 41. Bb5 Rg8 42. Bxe8 Rxe8 43. Rd7 Qe6 44. Qxa7 Qg8 45. Qxa5 Qg6 46. Rd8 f4 47. Qa8 Rxd8 48. Qxd8+ Kg7 1/2-1/2

[Event "RUS-ch Rapid"]
[Site "Sochi"]
[Date "2024.10.16"]
[Round "8"]
[White "Khismatullin, Denis Rimovich"]
[Black "Karavaev, Vladimir"]
[Result "1-0"]
[WhiteElo "2540"]
[BlackElo "2388"]
[PlyCount "68"]
[EventDate "2024.10.15"]
[EventType "swiss (rapid)"]
[EventRounds "11"]
[EventCountry "RUS"]
[SourceTitle "CB43_2024"]
[Source "Chessbase"]
[SourceDate "2024.10.23"]
[SourceVersion "1"]
[SourceVersionDate "2024.10.23"]
[SourceQuality "1"]

1. Nf3 Nf6 2. g3 d5 3. Bg2 g6 4. c4 c6 5. b3 Bg7 6. Bb2 0-0 7. 0-0 Bf5 8. d3 Qc8 9. Nbd2 Bh3 10. Rc1 Bxg2 11. Kxg2 Qd8 12. a3 Re8 13. Qc2 Nbd7 14. cxd5 Nxd5 15. Bxg7 Kxg7 16. Nc4 Rb8 17. e4 N5b6 18. Qc3+ Kg8 19. d4 Nxc4 20. bxc4 e5 21. Nxe5 Nxe5 22. dxe5 Qe7 23. f4 f6 24. Qe3 fxe5 25. f5 Rbd8 26. Rc2 gxf5 27. Rxf5 b6 28. c5 Kh8 29. cxb6 axb6 30. Rxc6 b5 31. Rcf6 Ra8 32. Rf7 Qe6 33. R5f6 Qg4 34. Rh6 Qg8 1-0

[Event "Novorossiysk Small Land Rapid op"]
[Site "Novorossiysk"]
[Date "2023.07.28"]
[Round "11"]
[White "Makarian, Rudik"]
[Black "Karavaev, Vladimir"]
[Result "1-0"]
[WhiteElo "2541"]
[BlackElo "2430"]
[PlyCount "63"]
[EventDate "2023.07.26"]
[EventType "swiss (rapid)"]
[EventRounds "11"]
[EventCountry "RUS"]
[SourceTitle "CBM 215 Extra"]
[Source "ChessBase"]
[SourceDate "2023.09.30"]
[SourceVersion "1"]
[SourceVersionDate "2023.09.30"]
[SourceQuality "1"]

1. d4 b5 2. Nf3 Bb7 3. a4 b4 4. e3 e6 5. Bd3 Nf6 6. 0-0 Be7 7. Nbd2 d5 8. a5 0-0 9. a6 Bc6 10. c4 bxc3 11. bxc3 Nbd7 12. c4 dxc4 13. Nxc4 Rb8 14. Bd2 Ba8 15. Ba5 Bb4 16. Be2 Ne4 17. Qc2 Bxa5 18. Nxa5 c5 19. Nb7 Bxb7 20. axb7 f5 21. Bc4 Rf6 22. Rxa7 Rg6 23. Rb1 cxd4 24. exd4 Kh8 25. Bf1 Rf6 26. Bd3 Rf8 27. Bxe4 fxe4 28. Qxe4 Nf6 29. Qxe6 Qc7 30. h3 h6 31. Ne5 Rfe8 32. Qc6 1-0

[Event "Novorossiysk Small Land Rapid op"]
[Site "Novorossiysk"]
[Date "2023.07.27"]
[Round "8"]
[White "Karavaev, Vladimir"]
[Black "Kozlov, Andrey Dm"]
[Result "1-0"]
[WhiteElo "2430"]
[BlackElo "1585"]
[PlyCount "143"]
[EventDate "2023.07.26"]
[EventType "swiss (rapid)"]
[EventRounds "11"]
[EventCountry "RUS"]
[SourceTitle "CBM 215 Extra"]
[Source "ChessBase"]
[SourceDate "2023.09.30"]
[SourceVersion "1"]
[SourceVersionDate "2023.09.30"]
[SourceQuality "1"]

1. e4 c5 2. c3 d5 3. exd5 Qxd5 4. Nf3 e6 5. Na3 Nc6 6. d4 cxd4 7. Nb5 Bd6 8. Bc4 Qe4+ 9. Be3 Bb8 10. Nbxd4 Nxd4 11. Qxd4 Qxd4 12. Bxd4 Nf6 13. 0-0-0 Bd7 14. Rhe1 Bc6 15. Ne5 Bxe5 16. Bxe5 0-0 17. Bxf6 gxf6 18. g3 Rfd8 19. Bd3 Rd7 20. Be4 Rxd1+ 21. Kxd1 Rd8+ 22. Kc2 Bxe4+ 23. Rxe4 f5 24. Ra4 a6 25. Rb4 Rd7 26. a4 e5 27. Rb6 Kg7 28. b4 e4 29. a5 Rd3 30. Rxb7 Rf3 31. c4 Rxf2+ 32. Kc3 Ra2 33. Kd4 Rd2+ 34. Ke3 Rd3+ 35. Ke2 Ra3 36. Rb6 Ra2+ 37. Ke3 Ra3+ 38. Kd2 Ra2+ 39. Kc3 e3 40. Rb8 f6 41. Re8 e2 42. Kd3 Rb2 43. Rxe2 Rxb4 44. c5 Kf7 45. c6 Rb5 46. Rc2 Rb8 47. c7 Rc8 48. Rc6 Ke7 49. Kd4 Kd7 50. Rxf6 Kxc7 51. Rxf5 Rd8+ 52. Rd5 Re8 53. Re5 Rd8+ 54. Kc5 Rd7 55. Rh5 Rg7 56. Rh6 Kb7 57. Kd5 Rg5+ 58. Ke6 Rxa5 59. Rxh7+ Kb6 60. Rh8 Ra2 61. g4 Rg2 62. Kf5 a5 63. h4 a4 64. Ra8 Kb5 65. h5 Rh2 66. Kg6 Kb4 67. g5 Kb3 68. h6 a3 69. Rb8+ Kc2 70. Ra8 Kb3 71. h7 Rh4 72. h8Q 1-0

[Event "Novorossiysk Small Land Rapid op"]
[Site "Novorossiysk"]
[Date "2023.07.27"]
[Round "7"]
[White "Kurchenko, Egor"]
[Black "Karavaev, Vladimir"]
[Result "1/2-1/2"]
[WhiteElo "2125"]
[BlackElo "2430"]
[PlyCount "86"]
[EventDate "2023.07.26"]
[EventType "swiss (rapid)"]
[EventRounds "11"]
[EventCountry "RUS"]
[SourceTitle "CBM 215 Extra"]
[Source "ChessBase"]
[SourceDate "2023.09.30"]
[SourceVersion "1"]
[SourceVersionDate "2023.09.30"]
[SourceQuality "1"]

1. e4 d5 2. exd5 Qxd5 3. Nc3 Qd6 4. d4 Nf6 5. g3 Bg4 6. f3 Bf5 7. Bf4 Qd8 8. Bc4 e6 9. Nge2 c6 10. 0-0 Nbd7 11. g4 Bg6 12. Ng3 Nb6 13. Bb3 a5 14. a4 h5 15. Be5 Nfd5 16. Nxd5 Nxd5 17. Bxd5 Qxd5 18. Ne2 Qc4 19. c3 Bd3 20. Re1 Bxe2 21. Qxe2 Qxe2 22. Rxe2 hxg4 23. fxg4 Rh4 24. Re4 Kd7 25. Bg3 Rh8 26. Rf1 f6 27. Rfe1 Re8 28. Kg2 Bd6 29. Bxd6 Kxd6 30. Kg3 g5 31. c4 Rh6 32. Kg2 Kd7 33. Kg1 Rh4 34. d5 cxd5 35. cxd5 e5 36. Rf1 Rh6 37. b4 Rc8 38. Rf2 Rc1+ 39. Kg2 axb4 40. Rxb4 Kd6 41. Rd2 Rh4 42. h3 Rc3 43. Rb6+ Kd7 1/2-1/2

[Event "Novorossiysk Small Land Rapid op"]
[Site "Novorossiysk"]
[Date "2022.07.19"]
[Round "6"]
[White "Smirnov, Pavel"]
[Black "Karavaev, Vladimir"]
[Result "1-0"]
[WhiteElo "2544"]
[BlackElo "2443"]
[PlyCount "73"]
[EventDate "2022.07.18"]
[EventType "swiss (rapid)"]
[EventRounds "11"]
[EventCountry "RUS"]
[SourceTitle "EXT 2023"]
[Source "ChessBase"]
[SourceDate "2022.10.05"]
[SourceVersion "1"]
[SourceVersionDate "2022.10.05"]
[SourceQuality "1"]

1. d4 Nf6 2. c4 e6 3. Nf3 b6 4. g3 Bb7 5. Bg2 Bb4+ 6. Bd2 a5 7. 0-0 0-0 8. Bf4 Be7 9. Nc3 Ne4 10. Nb5 Nd6 11. Rc1 Ne8 12. d5 Na6 13. Nfd4 Qc8 14. e4 c6 15. Nc3 Nc5 16. e5 cxd5 17. cxd5 exd5 18. Nxd5 Bxd5 19. Bxd5 Ra7 20. Nf5 Bd8 21. Qg4 Kh8 22. Rfd1 Rc7 23. Nd6 Nxd6 24. exd6 Ra7 25. Qh5 f5 26. Bf7 Rxf7 27. Qxf7 Bf6 28. Re1 Ra8 29. Be5 Bxe5 30. Rxe5 Qb8 31. Rce1 Ne4 32. Qxd7 h6 33. Qxf5 Nxd6 34. Qg6 Qf8 35. Re6 Nf7 36. Re7 Ng5 37. Re8 1-0

[Event "Novorossiysk Small Land Rapid op"]
[Site "Novorossiysk"]
[Date "2022.07.18"]
[Round "3"]
[White "Karavaev, Vladimir"]
[Black "Dektiarov, Yaroslav"]
[Result "1-0"]
[WhiteElo "2443"]
[BlackElo "2048"]
[PlyCount "93"]
[EventDate "2022.07.18"]
[EventType "swiss (rapid)"]
[EventRounds "11"]
[EventCountry "RUS"]
[SourceTitle "EXT 2023"]
[Source "ChessBase"]
[SourceDate "2022.10.05"]
[SourceVersion "1"]
[SourceVersionDate "2022.10.05"]
[SourceQuality "1"]

1. e4 c5 2. c3 g6 3. d4 cxd4 4. cxd4 d5 5. exd5 Qxd5 6. Nc3 Qa5 7. Nf3 Bg7 8. Bc4 Nf6 9. 0-0 0-0 10. Re1 Nc6 11. d5 Nb4 12. a3 Na6 13. Bf4 Qc5 14. Ba2 Bg4 15. Rc1 Rfd8 16. b4 Qb6 17. Rxe7 Rac8 18. d6 Nh5 19. Bxf7+ Kh8 20. Be3 Qxd6 21. Re8+ Bf8 22. Qxd6 Rxd6 23. Rxc8 Bxc8 24. Ne4 Rd8 25. Bg5 Rd3 26. Ne1 Rd4 27. Ng3 Rg4 28. Be3 Nxg3 29. Rxc8 Nf5 30. Be6 Kg7 31. h3 Re4 32. Bxf5 gxf5 33. b5 Nc5 34. Bxc5 Rxe1+ 35. Kh2 Bxc5 36. Rxc5 Ra1 37. Rxf5 Rxa3 38. Rc5 a5 39. Rc7+ Kg6 40. Rxb7 a4 41. Ra7 Rb3 42. Ra6+ Kf5 43. Rxa4 Rxb5 44. Rg4 Rb2 45. Kg3 h5 46. Rg8 Rb4 47. h4 1-0

[Event "Volga Region-ch 12th"]
[Site "Togliatti"]
[Date "2014.03.20"]
[Round "7"]
[White "Karavaev, Vladimir"]
[Black "Smirnov, Alexey1"]
[Result "1-0"]
[WhiteElo "2481"]
[BlackElo "2412"]
[PlyCount "101"]
[EventDate "2014.03.14"]
[EventType "swiss"]
[EventRounds "9"]
[EventCountry "RUS"]
[SourceTitle "CBM 159 Extra"]
[Source "ChessBase"]
[SourceDate "2014.04.24"]
[SourceVersion "1"]
[SourceVersionDate "2014.04.24"]
[SourceQuality "1"]

1. e4 e5 2. Nf3 Nc6 3. Bc4 Nf6 4. d3 Bc5 5. c3 d6 6. Nbd2 0-0 7. 0-0 a6 8. Bb3 Ba7 9. h3 h6 10. Nc4 Re8 11. Re1 Be6 12. Be3 Bxe3 13. Nxe3 Bxb3 14. Qxb3 Rb8 15. Rad1 Qd7 16. Nf5 d5 17. Ng3 Qe6 18. exd5 Qxd5 19. Ne4 Qd8 20. Nc5 Nd7 21. Nxd7 Qxd7 22. Re3 Qe6 23. Qa4 Qd5 24. Rde1 Re6 25. b4 Rbe8 26. c4 Qd6 27. b5 axb5 28. cxb5 Nd4 29. Nxd4 Qxd4 30. Qxd4 exd4 31. Rxe6 Rxe6 32. Rc1 Re2 33. a4 c6 34. bxc6 bxc6 35. Kf1 Rd2 36. Ra1 Rxd3 37. a5 Rb3 38. a6 Rb8 39. a7 Ra8 40. Ke2 Kf8 41. Kd3 Ke7 42. Kxd4 Kd6 43. Ra6 f5 44. f4 g5 45. g3 Kc7 46. Kc5 Kb7 47. Ra2 Kc7 48. h4 gxh4 49. gxh4 Kb7 50. h5 Kc7 51. Rg2 1-0

[Event "Volga Region-ch 12th"]
[Site "Togliatti"]
[Date "2014.03.16"]
[Round "3"]
[White "Palachev, Petr"]
[Black "Karavaev, Vladimir"]
[Result "1/2-1/2"]
[WhiteElo "2344"]
[BlackElo "2481"]
[PlyCount "71"]
[EventDate "2014.03.14"]
[EventType "swiss"]
[EventRounds "9"]
[EventCountry "RUS"]
[SourceTitle "CBM 159 Extra"]
[Source "ChessBase"]
[SourceDate "2014.04.24"]
[SourceVersion "1"]
[SourceVersionDate "2014.04.24"]
[SourceQuality "1"]

1. d4 Nf6 2. c4 g6 3. Nc3 d5 4. cxd5 Nxd5 5. e4 Nxc3 6. bxc3 Bg7 7. Bc4 c5 8. Ne2 cxd4 9. cxd4 Nc6 10. Be3 Qa5+ 11. Bd2 Qd8 12. Bc3 0-0 13. 0-0 Na5 14. Bd3 Bg4 15. f3 Bd7 16. Qd2 b6 17. Rab1 Nb7 18. Ba6 Bc8 19. Rfc1 Nd6 20. Bd3 Be6 21. d5 Bd7 22. Bxg7 Kxg7 23. Qc3+ Kg8 24. Qc7 Qxc7 25. Rxc7 Rfd8 26. Nd4 Kf8 27. Ba6 Ne8 28. Rc3 Bc8 29. Bxc8 Raxc8 30. Ra3 Rd7 31. Nc6 Rcc7 32. Ne5 Rd6 33. Nc6 Rdd7 34. Ne5 Rd6 35. Nc6 Rdd7 36. Ne5 1/2-1/2

[Event "Volga Region-ch 12th"]
[Site "Togliatti"]
[Date "2014.03.14"]
[Round "1"]
[White "Shapiro, David"]
[Black "Karavaev, Vladimir"]
[Result "0-1"]
[WhiteElo "2097"]
[BlackElo "2481"]
[PlyCount "89"]
[EventDate "2014.03.14"]
[EventType "swiss"]
[EventRounds "9"]
[EventCountry "RUS"]
[SourceTitle "CBM 159 Extra"]
[Source "ChessBase"]
[SourceDate "2014.04.24"]
[SourceVersion "1"]
[SourceVersionDate "2014.04.24"]
[SourceQuality "1"]

1. e4 d5 2. exd5 Qxd5 3. Nc3 Qd6 4. d4 Nf6 5. Nf3 c6 6. Ne5 Nbd7 7. Nc4 Qc7 8. Qf3 Nb6 9. Bf4 Qd8 10. Be5 Be6 11. Ne3 Nbd5 12. Nexd5 Bxd5 13. Nxd5 Qxd5 14. Qxd5 Nxd5 15. c3 e6 16. Bd3 Nb6 17. 0-0-0 Nd7 18. Bg3 Be7 19. Rhe1 0-0 20. Kb1 Rfe8 21. Re2 Nf6 22. Bh4 Nd5 23. Bxe7 Rxe7 24. g3 Rd8 25. f4 g6 26. Kc1 Red7 27. Bc2 h5 28. Rf1 Kg7 29. h3 Rh8 30. Bb3 Ne7 31. g4 hxg4 32. hxg4 Rh4 33. Rg2 Kf6 34. Bc2 Rd8 35. Be4 Rdh8 36. Rff2 Rh3 37. Kd2 Nc8 38. Bd3 Nd6 39. g5+ Kg7 40. Kc2 R8h4 41. Kd2 Rh1 42. a3 Nc8 43. Kc2 Ne7 44. c4 R4h3 45. Kd2 0-1

[Event "Saratov RSOCF Cup"]
[Site "Saratov"]
[Date "2010.01.27"]
[Round "9"]
[White "Muromtsev, Arthur"]
[Black "Karavaev, Vladimir"]
[Result "0-1"]
[WhiteElo "2244"]
[BlackElo "2471"]
[PlyCount "137"]
[EventDate "2010.01.19"]
[EventType "swiss"]
[EventRounds "9"]
[EventCountry "RUS"]
[SourceTitle "CBM 134 Extra"]
[Source "ChessBase"]
[SourceDate "2010.03.03"]
[SourceVersion "1"]
[SourceVersionDate "2010.03.03"]
[SourceQuality "1"]

1. e4 d5 2. exd5 Qxd5 3. Nc3 Qd6 4. d4 Nf6 5. Nf3 a6 6. g3 Bg4 7. Bg2 e6 8. h3 Bxf3 9. Qxf3 c6 10. Be3 Nbd7 11. 0-0 Qc7 12. a3 Be7 13. Ne2 Nd5 14. Bd2 Bf6 15. c4 Ne7 16. Bc3 0-0 17. Nf4 g6 18. Rad1 Nf5 19. d5 Ne5 20. Qe2 exd5 21. cxd5 Rfe8 22. dxc6 bxc6 23. Qc2 Bg7 24. Qa4 Qb6 25. Kh1 Rac8 26. Rd2 Qb5 27. Qc2 Nf3 28. Rd3 N3d4 29. Qd1 c5 30. a4 Qb6 31. Re1 Qa7 32. Nd5 a5 33. Ne3 c4 34. Nxf5 Nxf5 35. Rxe8+ Rxe8 36. Rd8 Qe7 37. Rd7 Qe6 38. Bxg7 Kxg7 39. Qd5 Qe1+ 40. Kh2 Re6 41. Qxc4 Rf6 42. Qc5 h5 43. Rd8 Qe7 44. Qxe7 Nxe7 45. Re8 Nf5 46. Re5 Nd6 47. f4 Nc4 48. Rc5 Nxb2 49. Rxa5 Rd6 50. Ra7 Rd2 51. a5 Nc4 52. Kg1 Rd1+ 53. Kf2 Rd2+ 54. Kf3 Rd3+ 55. Kf2 Rd2+ 56. Kf3 Rd3+ 57. Ke4 Rxg3 58. Kd4 Nxa5 59. Bd5 Nb3+ 60. Ke5 Re3+ 61. Kd6 Nd4 62. Rxf7+ Kh6 63. Rf6 Nf5+ 64. Kd7 Re7+ 65. Kd8 Re3 66. Kd7 Rxh3 67. Ke8 Rd3 68. Bf7 Rd6 69. Be6 0-1

[Event "Saratov RSOCF Cup"]
[Site "Saratov"]
[Date "2010.01.26"]
[Round "8"]
[White "Karavaev, Vladimir"]
[Black "Iljushin, Alexei"]
[Result "0-1"]
[WhiteElo "2471"]
[BlackElo "2551"]
[PlyCount "51"]
[EventDate "2010.01.19"]
[EventType "swiss"]
[EventRounds "9"]
[EventCountry "RUS"]
[SourceTitle "CBM 134 Extra"]
[Source "ChessBase"]
[SourceDate "2010.03.03"]
[SourceVersion "1"]
[SourceVersionDate "2010.03.03"]
[SourceQuality "1"]

1. e4 c5 2. c3 g6 3. d4 cxd4 4. cxd4 d5 5. exd5 Nf6 6. Bc4 Nxd5 7. Nc3 Nb6 8. Bb3 Bg7 9. Nge2 Nc6 10. d5 Na5 11. Bg5 h6 12. Bh4 0-0 13. 0-0 Nbc4 14. Bxc4 Nxc4 15. Qa4 Nxb2 16. Qb5 g5 17. Bxg5 hxg5 18. Qxb2 b6 19. Rad1 Ba6 20. Qa3 Bxe2 21. Nxe2 Qd6 22. Qe3 Qe5 23. Qf3 Rad8 24. Ng3 e6 25. dxe6 fxe6 26. Qg4 0-1

[Event "Saratov RSOCF Cup"]
[Site "Saratov"]
[Date "2010.01.25"]
[Round "7"]
[White "Biryukov, Dmitriy"]
[Black "Karavaev, Vladimir"]
[Result "1/2-1/2"]
[WhiteElo "2329"]
[BlackElo "2471"]
[PlyCount "83"]
[EventDate "2010.01.19"]
[EventType "swiss"]
[EventRounds "9"]
[EventCountry "RUS"]
[SourceTitle "CBM 134 Extra"]
[Source "ChessBase"]
[SourceDate "2010.03.03"]
[SourceVersion "1"]
[SourceVersionDate "2010.03.03"]
[SourceQuality "1"]

1. e4 d5 2. exd5 Qxd5 3. Nc3 Qd6 4. d4 Nf6 5. Nf3 c6 6. Ne5 Nbd7 7. Nc4 Qc7 8. Qf3 Nb6 9. Bf4 Qd8 10. Be5 Be6 11. Ne3 Nbd5 12. Nexd5 Bxd5 13. Nxd5 Qxd5 14. Qxd5 Nxd5 15. c3 Nb6 16. 0-0-0 Nd7 17. Bg3 g6 18. d5 c5 19. Bb5 0-0-0 20. Bxd7+ Rxd7 21. Rhe1 h5 22. h4 Bh6+ 23. Kc2 Rhd8 24. c4 Bg7 25. Bf4 Bf6 26. g3 b6 27. Rd2 Rb7 28. Be5 Bxe5 29. Rxe5 Rd6 30. Rde2 Kd8 31. Kc3 Ke8 32. f4 Kf8 33. f5 f6 34. R5e3 gxf5 35. Rf2 Kf7 36. Rxf5 Kg6 37. Rf2 e5 38. dxe6 Re7 39. Rfe2 Kf5 40. Rf2+ Kg6 41. Rfe2 Kf5 42. Rf2+ 1/2-1/2

[Event "Saratov RSOCF Cup"]
[Site "Saratov"]
[Date "2010.01.23"]
[Round "5"]
[White "Dmitriev, Igor"]
[Black "Karavaev, Vladimir"]
[Result "0-1"]
[WhiteElo "2370"]
[BlackElo "2471"]
[PlyCount "157"]
[EventDate "2010.01.19"]
[EventType "swiss"]
[EventRounds "9"]
[EventCountry "RUS"]
[SourceTitle "CBM 134 Extra"]
[Source "ChessBase"]
[SourceDate "2010.03.03"]
[SourceVersion "1"]
[SourceVersionDate "2010.03.03"]
[SourceQuality "1"]

1. g3 Nf6 2. Bg2 d5 3. Nf3 g6 4. d4 Bg7 5. c4 0-0 6. cxd5 Nxd5 7. 0-0 Nb6 8. Nc3 Nc6 9. d5 Na5 10. Ng5 c6 11. e4 h6 12. Nh3 cxd5 13. exd5 Bf5 14. g4 Bd7 15. Nf4 Rc8 16. h3 Nac4 17. Nfe2 Nd6 18. Re1 a5 19. Rb1 Na8 20. Be3 Nc7 21. Bb6 Nc4 22. Bd4 Nb5 23. Bxg7 Kxg7 24. Nxb5 Bxb5 25. Nd4 Ba6 26. h4 Nd6 27. h5 gxh5 28. g5 hxg5 29. Qxh5 Rh8 30. Qxg5+ Kf8 31. Re3 Rc4 32. Rg3 Ke8 33. Bh3 Rf8 34. Qe3 Qc7 35. Re1 Kd8 36. Rg7 Re8 37. b3 Rc3 38. Nc6+ Qxc6 39. dxc6 Rxe3 40. fxe3 bxc6 41. e4 e5 42. Kf2 Kc7 43. Ke3 Rh8 44. Rh1 a4 45. Bg2 Rb8 46. bxa4 Rb2 47. Bf1 Bxf1 48. Rxf1 Rxa2 49. Rfxf7+ Nxf7 50. Rxf7+ Kd6 51. Ra7 Ra3+ 52. Kd2 Kc5 53. Kc2 Re3 54. a5 Rxe4 55. Kd3 Ra4 56. Re7 Kd6 57. Ra7 e4+ 58. Ke3 Kc5 59. Rb7 Kd5 60. Rd7+ Kc5 61. Rb7 Rxa5 62. Kxe4 Rb5 63. Rc7 Rb3 64. Rc8 Rc3 65. Rc7 Kb4 66. Rb7+ Kc4 67. Rb6 c5 68. Rb1 Rc2 69. Ke3 Kc3 70. Rb5 c4 71. Rb1 Rh2 72. Rc1+ Kb3 73. Rb1+ Kc2 74. Ra1 Kb2 75. Ra8 c3 76. Kd3 c2 77. Rb8+ Kc1 78. Rg8 Rh3+ 79. Kc4 0-1

[Event "Saratov op"]
[Site "Saratov"]
[Date "2008.12.21"]
[Round "9"]
[White "Karavaev, Vladimir"]
[Black "Pasiev, Rakhim"]
[Result "1-0"]
[WhiteElo "2479"]
[BlackElo "2173"]
[PlyCount "47"]
[EventDate "2008.12.13"]
[EventType "swiss"]
[EventRounds "9"]
[EventCountry "RUS"]
[SourceTitle "EXT 2010"]
[Source "ChessBase"]
[SourceDate "2010.11.25"]
[SourceVersion "1"]
[SourceVersionDate "2010.11.25"]
[SourceQuality "1"]

1. e4 d6 2. d4 g6 3. Bc4 Bg7 4. Nf3 Nf6 5. e5 dxe5 6. Nxe5 0-0 7. 0-0 Nbd7 8. c3 Nb6 9. Bb3 Bf5 10. Re1 Nfd7 11. Nxd7 Qxd7 12. Nd2 a5 13. a4 Qd6 14. Qe2 Rae8 15. Nf3 Bg4 16. h3 Bc8 17. Bg5 e6 18. Bh4 Nd7 19. Bg3 Qb6 20. Qb5 Bf6 21. Qxb6 cxb6 22. Bc4 Bd8 23. Bb5 f6 24. Bd6 1-0

[Event "Saratov op"]
[Site "Saratov"]
[Date "2008.12.17"]
[Round "5"]
[White "Karavaev, Vladimir"]
[Black "Shlegin, Stanislav"]
[Result "1/2-1/2"]
[WhiteElo "2479"]
[BlackElo "2309"]
[PlyCount "78"]
[EventDate "2008.12.13"]
[EventType "swiss"]
[EventRounds "9"]
[EventCountry "RUS"]
[SourceTitle "EXT 2010"]
[Source "ChessBase"]
[SourceDate "2010.11.25"]
[SourceVersion "1"]
[SourceVersionDate "2010.11.25"]
[SourceQuality "1"]

1. e4 d6 2. d4 Nf6 3. Nc3 g6 4. Bg5 c6 5. Qd2 Bg7 6. f3 Nbd7 7. 0-0-0 Qa5 8. Bc4 b5 9. Bb3 h6 10. Be3 Qc7 11. Nh3 a5 12. a4 b4 13. Ne2 Nb6 14. Nhf4 Nfd7 15. Kb1 Bb7 16. h4 Rc8 17. c4 bxc3 18. Qxc3 c5 19. Rc1 Bc6 20. Qc2 c4 21. d5 Bb7 22. Qd2 0-0 23. Bd1 Nc5 24. Bd4 Ncxa4 25. Bxg7 Kxg7 26. Nd4 Kh7 27. h5 g5 28. Bxa4 Nxa4 29. Qc2 gxf4 30. Qxa4 Qb6 31. Rxc4 Rxc4 32. Qxc4 Rc8 33. Qd3 Ba6 34. Qd2 Rc4 35. Rd1 Rb4 36. Qc3 Rc4 37. Qd2 Rb4 38. Qc3 Rc4 39. Qd2 Rb4 1/2-1/2

[Event "Minsk op"]
[Site "Minsk"]
[Date "2008.07.13"]
[Round "4"]
[White "Karavaev, Vladimir"]
[Black "Teterev, Vitaly"]
[Result "0-1"]
[WhiteElo "2474"]
[BlackElo "2506"]
[PlyCount "108"]
[EventDate "2008.07.10"]
[EventType "swiss"]
[EventRounds "9"]
[EventCountry "BLR"]
[SourceTitle "CBM 125 Extra"]
[Source "ChessBase"]
[SourceDate "2008.09.01"]
[SourceVersion "1"]
[SourceVersionDate "2008.09.01"]
[SourceQuality "1"]

1. e4 c5 2. c3 Nf6 3. e5 Nd5 4. Nf3 Nc6 5. d4 cxd4 6. cxd4 d6 7. Bc4 Nb6 8. Bb5 d5 9. h3 Bf5 10. 0-0 e6 11. Nc3 Be7 12. Be3 Rc8 13. Ne1 Nc4 14. Bxc4 dxc4 15. g4 Bg6 16. f4 f5 17. d5 exd5 18. Qxd5 Qxd5 19. Nxd5 h5 20. g5 Bf7 21. Nxe7 Nxe7 22. Bxa7 c3 23. bxc3 Rxc3 24. Rf3 Rxf3 25. Nxf3 Nd5 26. e6 Bxe6 27. Re1 Kd7 28. Ne5+ Kd6 29. Ng6 Ra8 30. Bd4 Bf7 31. Ne5 Bg8 32. Nc4+ Kc6 33. Rc1 Rxa2 34. Nb6+ Kd6 35. Bc5+ Kc6 36. Bd4+ Kd6 37. Be5+ Ke7 38. Nc8+ Kd7 39. Nd6 Ne3 40. Nxb7 Bd5 41. Rc7+ Ke8 42. Rc8+ Kf7 43. Rc7+ Kg8 44. Rxg7+ Kf8 45. Rd7 Rg2+ 46. Kh1 Rg3+ 47. Rxd5 Rxh3+ 48. Kg1 Nxd5 49. Nd6 Rh4 50. Nxf5 Rg4+ 51. Kf2 Nxf4 52. Bd6+ Ke8 53. Ne3 Nh3+ 54. Kf3 Nxg5+ 0-1

[Event "Saratov region op"]
[Site "Saratov"]
[Date "2008.06.07"]
[Round "9"]
[White "Karavaev, Vladimir"]
[Black "Biryukov, Dmitriy"]
[Result "1-0"]
[WhiteElo "2474"]
[BlackElo "2248"]
[PlyCount "63"]
[EventDate "2008.05.30"]
[EventType "swiss"]
[EventRounds "9"]
[EventCountry "RUS"]
[SourceTitle "CBM 124 Extra"]
[Source "ChessBase"]
[SourceDate "2008.07.03"]
[SourceVersion "1"]
[SourceVersionDate "2008.07.03"]
[SourceQuality "1"]

1. e4 d6 2. d4 g6 3. Nf3 Bg7 4. Bc4 Nf6 5. e5 dxe5 6. Nxe5 0-0 7. 0-0 Nfd7 8. Nf3 c5 9. c3 Nc6 10. dxc5 Nxc5 11. Be3 Be6 12. Bb5 Qb6 13. Na3 a6 14. Be2 Qxb2 15. Bxc5 b6 16. Rb1 Qxc3 17. Rc1 Qa5 18. Be3 Nb4 19. Nc4 Qxa2 20. Nxb6 Rad8 21. Qa4 Qxe2 22. Qxb4 Rd3 23. Na4 Rfd8 24. Rce1 Qc2 25. Nc5 a5 26. Qf4 R3d6 27. Nb7 Bc4 28. Nxd8 e5 29. Nxe5 Bxe5 30. Qxe5 Rxd8 31. Bh6 f6 32. Qxf6 1-0